Представление документа в формате RUSMARC

ПолеНазваниеЗначение
  Тип записи a
  Библиографический уровень m
001 Контрольный номер UONB/MAIN/85b1102b97d04a5ab6e9814509eeff33
005 Дата корректировки 20250902181113.1
010 Индекс ISBN __
b Уточнения в пер.
d Цена 1 р. 22 к.
9 Тираж 24500 экз.
100 Данные общей обработки __
a Данные общей обработки 20250902d1965 u y0rusy0189## ca
101 Язык документа 0_
a Язык текста rus
102 Страна публикации __
a Страна публикации RU
105 Кодированные данные (монография) __
a Кодированные данные (монография) y z 000yy
200 Заглавие и сведения об ответственности 1_
a Заглавие Техника безопасности и производственная санитария
e Сведения, относящиеся к заглавию сборник правил
203 Вид содержания и тип средства __
a Вид содержания Текст
b Характеристика содержания визуальный
c Тип средства непосредственный
210 Выходные данные 1_
a Место издания Москва
c Издательство Профиздат
d Дата издания 1965
215 Физическое описание __
a Объем 303 с.
d Формат 21 см
606 Тематические рубрики 0_
a Основная рубрика Металлообработка
x Основная подрубрика Техника безопасности
610 Ключевые слова 0_
a Ключевые слова металлообработка; техника безопасности; охрана труда
675 Индекс УДК __
a Индекс УДК 6П4-09
686 Индексы других классификаций __
a Классификационный индекс 34
2 Код системы rubbk
801 Источник записи _0
a Страна RU
b Организация Ульяновская ОНБ
c Дата составления 20250902
g Правила каталогизации RCR
801 Источник записи _1
a Страна RU
b Организация Ульяновская ОНБ
c Дата составления 20250902
g Правила каталогизации RCR
901 Тип документа __
t Тип документа m
909 Создатель записи __
a Создатель записи Агапова
b Дата создания записи 20250902